Normal view
MARC view
Entry Personal Name
001 - CONTROL NUMBER
- control field: 62003
003 - CONTROL NUMBER IDENTIFIER
- control field: dpl
005 - DATE AND TIME OF LATEST TRANSACTION
- control field: 20240213114315.0
008 - FIXED-LENGTH DATA ELEMENTS
- fixed length control field: 240213|| aca||aabn | a|a d
040 ## - CATALOGING SOURCE
- Original cataloging agency: dpl
- Transcribing agency: dpl
100 ## - HEADING--PERSONAL NAME
- Personal name: राजपूत, जगमोहन सिंह
670 ## - SOURCE DATA FOUND
- Source citation: Work cat.: (dpl)200699: राजपूत, जगमोहन सिंह, क्यों तनावग्रस्त है शिक्षा-व्यवस्था ? /, 2023
